=LDR 00000nam 2200000 4500 =001 INLIS000000000010609 =005 20130612102240 =008 ***********************************Ind** =035 ##$$0010-061300000010609 =041 ##$$a Ind =082 ##$$a 2x4.315 =090 ##$$a 2x4.315, Nur i =100 ##$$a NURBOYO =245 ##$$a Indahnya Poligami, Pengalaman keluarga Sakinah Puspo Wardoyo =260 ##$$a 2003 $b Jakarta =300 ##$$a xvi, 134 hlm, 21 cm =650 ##$$a Poligami =850 ##$$a NBPNMAT